000 00569nam a2200229Ia 4500
003 OSt
005 20220924150553.0
006 a|||||r|||| 00| 0
007 ta
008 220923b |||||||| |||| 00| 0 tel d
024 _a333706
037 _cTextual
040 _aARTS
_cARTS
_btel
041 _2tel
_atel
082 _aO35,2M99x, K4
100 _aS. Muddukrishna
_9222429
245 0 _aNatikalu
260 _c1964
650 _aTELUGU DRAMA
_9173432
942 _hO35,2M99x, K4
_cTEXL
_2CC
999 _c463799
_d463799